00770nam a2200217 a 4500001001000000003000900010005001700019007000300036008004100039040002500080082003100105100003000136245009700166250001100263260004200274300002100316500006900337600003400406651005700440651005500497000026005DO-SdBNP20260321073641.0ta110225s1987 dr 000 0 spa d aDO-SdBNPbspacBNPHU a923.57293bG633b, 19872221 a Bosch, Juan, d1909-200110aMáximo Gómez de Monte Cristi a la gloria :btres años de guerra en Cuba /cJuan Bosch. a2a ed. aSanto Domingo :bAlfa & Omega,c1987. a137 p. ;c21 cm. aIncluye referencias bibliográficas y notas al pie de páginas10aGómez, Máximo,d1836-1905 4aCubaxHistoriayGuerra de los diez años, 1868-1878 4aCubaxHistoriayGuerra de independencia, 1895-1898